Discover Japan : (Record no. 29086)
[ view plain ]
| 000 -LEADER | |
|---|---|
| fixed length control field | 01029cam a2200301 a 4500 |
| 001 - CONTROL NUMBER | |
| control field | 29086 |
| 003 - CONTROL NUMBER IDENTIFIER | |
| rucl marc code | BD-RjUL |
| 005 - DATE AND TIME OF LATEST TRANSACTION | |
| control field | 20211209051354.0 |
| 008 - FIXED-LENGTH DATA ELEMENTS--GENERAL INFORMATION | |
| fixed length control field | 140402s1987 ja a 001 0 eng d |
| 020 ## - INTERNATIONAL STANDARD BOOK NUMBER | |
| International Standard Book Number | 0870115464 (v. 1) : |
| International Standard Book Number | 0870115472 (v. 2) : |
| 035 ## - SYSTEM CONTROL NUMBER | |
| System control number | (BD-RjUL)29171 |
| 040 ## - CATALOGING SOURCE | |
| Original cataloging agency | DLC |
| Transcribing agency | DLC |
| Modifying agency | DLC |
| -- | BD-RjUL |
| Language of cataloging | eng |
| 041 ## - LANGUAGE CODE | |
| Language code of text/sound track or separate title | eng |
| 082 00 - DEWEY DECIMAL CLASSIFICATION NUMBER | |
| Classification number | 952 |
| Edition number | 19 |
| Author mark and year | DIS V-1 1987 |
| 245 10 - TITLE STATEMENT | |
| Title | Discover Japan : |
| Remainder of title | words, customs, and concepts / |
| Number of part/section of a work | Vol 1 |
| 250 ## - EDITION STATEMENT | |
| Edition statement | 1st ed. |
| 260 ## - PUBLICATION, DISTRIBUTION, ETC. (IMPRINT) | |
| Place of publication, distribution, etc. | Tokyo ; |
| -- | New York : |
| Name of publisher, distributor, etc. | Kodansha International, |
| Date of publication, distribution, etc. | 1987. |
| 300 ## - PHYSICAL DESCRIPTION | |
| Pagination | 208 p : |
| Illustrations | ill. ; |
| Size | 17 cm. |
| 500 ## - GENERAL NOTE | |
| General note | Reprint. Originally published: v. 1: A hundred things Japanese; v. 2: A hundred more things Japanese. Tokyo : Japan Culture Institute, 1975-1980. With new prefaces. |
| General note | Includes indexes. |
| 651 #0 - SUBJECT ADDED ENTRY--GEOGRAPHIC NAME | |
| Geographic name | Japan |
| General subdivision | Civilization. |
| 9 (RLIN) | 88837 |
| Geographic name | Japan |
| General subdivision | Foreign public opinion. |
| 9 (RLIN) | 76922 |
| 942 ## - ADDED ENTRY ELEMENTS (KOHA) | |
| Source of classification or shelving scheme | Dewey Decimal Classification |
| Koha item type | Books |
| Lost status | Source of classification or shelving scheme | Damaged status | Not for loan | Collection code | Permanent Location | Current Location | Shelving location | Date acquired | Source of acquisition | Total Checkouts | Full call number | Date last seen | Copy number | Koha item type |
|---|---|---|---|---|---|---|---|---|---|---|---|---|---|---|
| Dewey Decimal Classification | Added to bundle | Non-fiction | Central Library, University of Rajshahi | Central Library, University of Rajshahi | Reading Room | 05/07/1994 | Gift | 952 DIS V-1 1987 | 02/04/2014 | C-1 | Books |